Základy práva životného prostredia. 8

Právna úprava ochrany lesov. Zákon č.44/1988 Zb., týkajúci sa právnických osôb, ktorí vykonávajú v lese činnosti podľa osobitých predpisov, na ktoré netreba povolenie, ale majú ohlasovaciu povinnosť, ak to vyžaduje ochrana lesov alebo iné dôležité záujmy spoločnosti.

Salvato in:
Dettagli Bibliografici
Autore principale: Košičiarová, Soňa
Natura: Capitolo di libro
Lingua:slovacco
Soggetti:
Tags: Aggiungi Tag
Nessun Tag, puoi essere il primo ad aggiungerne!!

MARC

LEADER 00000naa a2200000 4500
001 r016319
005 20221213114917.2
041 0 |a slo 
044 |a SK 
245 1 0 |a Základy práva životného prostredia. 8  |c Soňa Košičiarová 
520 |a Právna úprava ochrany lesov. Zákon č.44/1988 Zb., týkajúci sa právnických osôb, ktorí vykonávajú v lese činnosti podľa osobitých predpisov, na ktoré netreba povolenie, ale majú ohlasovaciu povinnosť, ak to vyžaduje ochrana lesov alebo iné dôležité záujmy spoločnosti. 
610 2 0 |a ochrana prostredia životného 
610 2 0 |a pôda poľnohospodárska 
610 2 0 |a ekológia 
610 2 0 |a lesníctvo 
610 2 0 |a hospodárstvo lesné 
610 2 0 |a predpisy právne 
100 1 |a Košičiarová, Soňa